اتعاظ الحنفا بأخبار الأئمة الفاطميين الخلفا / (Record no. 14163)
[ view plain ]
| 000 -الفاتح | |
|---|---|
| حقل البيانات ثابتة الطول | 01917cam a2200337 i 4500 |
| 003 - محدد رقم الضبط | |
| رقم الضبط | EG-ScBUE |
| 005 - وقت وتاريخ اخر تعامل مع التسجيلة | |
| رقم الضبط | 20240116120940.0 |
| 008 - عناصر البيانات ثابتة الطول - معلومات عامة | |
| حقل البيانات ثابتة الطول | 100622m19962005ua a f b 001 0cara d |
| 040 ## - مصدر الفهرسة | |
| وكالة الفهرسة الأصلية | EG-Sb BUE |
| لغة الفهرسة | ara |
| قواعد الوصف | rda |
| وكالة النسخ | EG-Sb BUE |
| وكالة التعديل | EG-ScBUE |
| 043 ## - رمز المنطقة الجغرافية | |
| رمز المنطقة الجغرافية | f-ua--- |
| 082 04 - رقم تصنيف ديوى العشرى | |
| رقم التصنيف | 909.09767 |
| رقم المادة | م ق ر |
| رقم الطبعة | 22 |
| 100 1# - المدخل الرئيسى - إسم شخصى | |
| الإسم الشخصى | مقريزي، أحمد بن علي، |
| التواريخ المصاحبة للاسم | 766-845 هـ، |
| الدور | مؤلف. |
| 9 (RLIN) | 15052 |
| 245 10 - بيان العنوان | |
| العنوان | اتعاظ الحنفا بأخبار الأئمة الفاطميين الخلفا / |
| بقية العنوان | لتقي الدين أحمد بن علي المقريزي ؛ تحقيق الدكتور محمد حلمي محمد أحمد، أستاذ التاريخ الإسلامي، كلية دار العلوم، جامعة القاهرة، الدكتور جمال الدين الشيال، أستاذ التاريخ الإسلامي وعميد كلية الآداب، جامعة الإسكندرية.. |
| 250 ## - بيان الطبعة | |
| بيان الطبعة | الطبعة الثالثة. |
| 264 #1 - النشر، التوزيع | |
| مكان الناشر او الموزع | القاهرة : |
| اسم الناشر او الموزع | المجلس الأعلي للشئون الإسلامية، لجنة إحياء التراث الإسلامي، |
| تاريخ النشر أو التوزيع | 2005-1996. |
| 300 ## - الوصف المادى | |
| التعداد | 3 مجلدات : |
| تفاصيل ماديه اخرى للوعاء | إيضاحيات ؛ |
| أبعاد الوعاء | 24 سم |
| 336 ## - نوع المحتوى | |
| source | rdacontent |
| Carrier Type Term | نص |
| Content Type Code | txt |
| 337 ## - نوع الوسيط | |
| Media Type Term | بدون وسيط |
| source | rdamedia |
| Media Type Code | n |
| 338 ## - نوع الحامل أو الناقل | |
| Carrier Type Term | مجلد |
| Carrier Type Code | nc |
| source | rdacarrier |
| 504 ## - تبصرة ببليوجرافية | |
| تبصرة ببليوجرافية,الخ | يشتمل علي إرجاعات ببليوجرافية وكشافات. |
| 505 0# - تبصرة محتويات-الفهرس | |
| تبصرة المحتويات المصاغة | المجلد الأول -- المجلد الثاني -- المجلد الثالث. |
| 650 #7 - المدخل الاضافى بالموضوع-مصطلح موضوعى | |
| مصطلح موضوعي أو اسم جغرافي كعنصر مدخل | الدولة الفاطمية. |
| مصدر الرأس أو المصطلح | BUEsh |
| 9 (RLIN) | 15284 |
| 650 #7 - المدخل الاضافى بالموضوع-مصطلح موضوعى | |
| مصطلح موضوعي أو اسم جغرافي كعنصر مدخل | التاريخ الإسلامي. |
| مصدر الرأس أو المصطلح | BUEsh |
| 9 (RLIN) | 8768 |
| 650 #7 - المدخل الاضافى بالموضوع-مصطلح موضوعى | |
| مصطلح موضوعي أو اسم جغرافي كعنصر مدخل | الفاطميون. |
| مصدر الرأس أو المصطلح | BUEsh |
| 651 #7 - المدخل الاضافى بالموضوع - اسم جغرافى | |
| مصدر الرأس أو المصطلح | BUEsh |
| الاسم الجغرافي | مصر |
| التقسيم الفرعي العام | تاريخ |
| التقسيم الفرعي الزمني | العصر الفاطمي (969-1171 م.). |
| 653 ## - مصطلح تكشيفى غير مقيد | |
| Resource For college | Arabic Literature |
| Arrived date list | August2015 |
| 655 ## - مصطلح تكشيفى-نوع/شكل | |
| التقسيم الفرعي الشكلي | Reading book |
| 700 1# - المدخل الاضافى - اسم شخصى | |
| الإسم الشخصى | شيال، جمال الدين، |
| الدور | محقق. |
| 9 (RLIN) | 15053 |
| 700 1# - المدخل الاضافى - اسم شخصى | |
| الإسم الشخصى | أحمد، محمد حلمي محمد، |
| الدور | محقق. |
| 9 (RLIN) | 27787 |
| 942 ## - عناصر المدخل الإضافي( كوها) | |
| مصدر التصنيف او مخطط الترفيف | Dewey Decimal Classification |
| حالة التراجع | حالة الفقد | مصدر التصنيف او خطة الترفيف | حالة تلف | ليس للاعارة | مجموعات كوها | المكان الدائم | المكان الحالي | موقع الترفيف | تاريخ الاكتساب | Source of acquisition | رقم الاستدعاء | الباركود | Date last seen | نوع الوعاء | تبصرة عامة |
|---|---|---|---|---|---|---|---|---|---|---|---|---|---|---|---|
| Dewey Decimal Classification | Baccah | Central Library | Central Library | Second Floor | 22/06/2010 | Purchase | 909.09767 م ق ر | 000020890 | 15/07/2025 | Book - Borrowing | مج. 1 | ||||
| Dewey Decimal Classification | Alef-Baa | Central Library | Central Library | Second Floor | 19/07/2011 | Purchase | 909.09767 م ق ر | 000023044 | 15/07/2025 | Book - Borrowing | مج. 2 | ||||
| Dewey Decimal Classification | Alef-Baa | Central Library | Central Library | Second Floor | 20/11/2011 | Purchase | 909.09767 م ق ر | 000025657 | 15/07/2025 | Book - Borrowing | مج. 3 |